Football Teams Pauleta Played For - Statistics

General Stats
  • This quiz has been taken 16 times
  • The average score is 4 of 9
Answer Stats
League Years Team % Correct
France 2003-2008 Paris Saint-Germain
100%
France 2000-2003 FC Girondins de Bordeaux
44%
Spain 1998-2000 RC Deportivo de la Coruña
44%
Portugal 1991-1992 CD Santa Clara
33%
Portugal 1992-1994 Clube Operário Desportivo
33%
Portugal 1995 Clube União Micaelense
33%
Portugal 1995-1996 GD Estoril Praia
33%
Portugal 1994-1995 SC Angrense
33%
Spain 1996-1998 UD Salamanca
33%
No matching quizzes found
Score Distribution
Percent of People with Each Score
Percentile by Number Answered
Your Score History
You have not taken this quiz